| 000 | 00517cam a2200181 a 4500 | ||
|---|---|---|---|
| 005 | 20180820113853.0 | ||
| 010 | _aB-701339 | ||
| 020 |
_a9789352750436 _c250.00 |
||
| 035 | _aB-701339 | ||
| 037 |
_aDBAD _bdpl |
||
| 082 | _aN | ||
| 100 | 1 | _aDeary, Terry | |
| 245 | 1 | 4 |
_aTerry Dearys best ever Greek legends / _cby Terry deary |
| 260 |
_aLondon _bScholastic _c2017 |
||
| 300 |
_a191p: _bill. ; _c21 cm. |
||
| 942 |
_2ddc _cCH _hN _mDEA |
||
| 999 |
_c156065 _d156065 |
||